The Hundred Million Quiz Stats

 Plays Quiz Updated Nov 24, 2018

Support Sporcle.
Go Orange.
Score 0/20 Timer 06:00
2 Plays Today
Hint Answer % Correct
Currency on which Benjamin Franklin appearsOne Hundred Dollar Bill
79.5%
2004 Hilary Swank Oscar winning movieMillion Dollar Baby
78.4%
In this TV show, the host may ask 'Is that your final answer?'Who Wants to be a Millionaire
78.1%
Residence of Winnie the Pooh and his friendsHundred Acre Wood
77.1%
Shortest distance in the Summer Olympics Decathlon100 meters
72.9%
Joan of Arc and Henry V both fought in this extra long conflictHundred Years' War
68.2%
Nestlé candy bar with the slogan 'That's Rich'100 Grand Bar
61.1%
The Barenaked Ladies would buy a llama and a green dress in this songIf I Had a Million Dollars
54.5%
1995 Louis Farrakhan led mass gathering in Washington, D.C.The Million Man March
45.2%
Lee Majors played a rebuilt Steve Austin in this TV seriesThe Six Million Dollar Man
38.2%
Hint Answer % Correct
2008 Oscar winner for best picture Slumdog Millionaire
37.4%
1961 Walt Disney animated filmOne Hundred and One Dalmatians
37.1%
Benchmark of an incoming U.S. presidents actionsThe First Hundred Days
34.5%
Evan Marriott was the 'rich' bachelor in this U.S. reality showJoe Millionaire
24.1%
James Frey's slightly embellished 2003 novelA Million Little Pieces
23.7%
1967 Gabriel Garcia Marquez novelOne Hundred Years of Solitude
19%
1985 Richard Pryor and John Candy movieBrewster's Millions
17.3%
1953 Lauren Bacall, Marilyn Monroe, and Betty Grable movieHow to Marry a Millionaire
10.7%
In Imperial units, this is 112 poundsHundredweight
6%
1980's Nick Heyward band with the single 'Love Plus One'Haircut 100
4.8%

You're not logged in!

Compare scores with friends on all Sporcle quizzes.
OR
Log In

From the Vault

MLB National League MVPs (2010s)

by Propellerhead

"Second Most Valuable Player" just didn't have as much of a ring to it.
Remove Ads.
Support Sporcle.
Get the best of Sporcle when you Go Orange. This ad-free experience offers more features, more stats, and more fun while also helping to support Sporcle. Thank you for becoming a member.

Show Comments

Extras

Top Quizzes Today


Score Distribution

Your Account Isn't Verified!

In order to create a playlist on Sporcle, you need to verify the email address you used during registration. Go to your Sporcle Settings to finish the process.

Report this User

Report this user for behavior that violates our Community Guidelines.

Details: